=LDR 00000nam 2200000 4500 =001 INLIS000000000034857 =005 20130612140742 =008 ***********************************ind** =035 ##$$a0010-061300000034857 =041 ##$$a ind =082 ##$$a 808.803 1 =090 ##$$a 808.803 1, Suc c =100 ##$$a Suciningtias,Agustini =245 ##$$a Cinta membuatku bangkit, Saat lupus berbunga hikmah, Agustini suciningtias;Penyunting,Doel wahab =260 ##$$a 2009 $b Bandung =300 ##$$a 164 hlm, Ilus, 20 cm =650 ##$$a Cerita Pendek =700 ##$$a Wahab, Doel =850 ##$$a NBPNMAT =990 ##$$a 21400613/BPAP-NTB/20142014 =990 ##$$a 21400613/BPAP-NTB/20142014